000 00640nam a2200193 4500
005 20150701162121.0
007 000
008 000
040 _aUOEL
050 _aSD409
_bK3 1985
100 _aKaale, B.K.
245 _aGuidelines for compiling Regional and District Afforestation plans in Tanzania /
_cB.K.Kaale and A.B.Temu
260 _aDar es Salaam :
_bThe Forestry and Beekeeping Division,Ministry of Lands, Natural Resources and Tourism,
_cc1985.
300 _a32 p, ;
_bill.
500 _aIncludes bibliographical references
650 _aAfforestation Plans
_vGuidelines for Compiling
700 _aTemu, A.B.
942 _2lcc
_cLL
999 _c11128
_d11128